Loading...
Auditory Arts | 2 | 4 | 1 | 0 | 65 | 63 | 101.50 | 0 | 3 |
Beliefs | 0 | 6 | 0 | 2 | 60 | 87 | 118.67 | 3 | 6 |
Science - Other Science | 1 | 3 | 0 | 1 | 45 | 64 | 105.50 | 0 | 4 |
Literature - British Literature | 0 | 4 | 0 | 1 | 40 | 121 | 132.75 | 0 | 3 |
Science - Chemistry | 0 | 4 | 0 | 2 | 40 | 110 | 116.50 | 1 | 3 |
Science - Physics | 0 | 5 | 2 | 1 | 40 | 80 | 104.00 | 1 | 5 |
Visual Arts | 0 | 3 | 0 | 1 | 30 | 97 | 120.00 | 0 | 1 |
Literature - American Literature | 0 | 3 | 0 | 1 | 30 | 127 | 133.67 | 0 | 2 |
Philosophy | 0 | 3 | 0 | 1 | 30 | 105 | 111.67 | 1 | 2 |
History - World History | 1 | 2 | 1 | 1 | 30 | 32 | 88.67 | 0 | 1 |
Social Science | 0 | 3 | 0 | 0 | 30 | 92 | 99.67 | 1 | 3 |
Literature - European Literature | 1 | 1 | 0 | 1 | 25 | 46 | 94.00 | 2 | 2 |
History - Ancient History | 0 | 2 | 0 | 0 | 20 | 83 | 105.00 | 0 | 1 |
Fine Arts - Other Arts | 1 | 0 | 0 | 0 | 15 | 62 | 62.00 | 1 | 1 |
History - American History | 0 | 2 | 1 | 0 | 15 | 66 | 86.50 | 1 | 2 |
History - Other History | 0 | 1 | 0 | 0 | 10 | 105 | 105.00 | 0 | 1 |
History - European History | 0 | 0 | 1 | 0 | -5 | 0.00 | 0 | 0 | |
Science - Biology | 0 | 0 | 1 | 0 | -5 | 0.00 | 0 | 0 |